000 00617nam a2200229Ia 4500
003 OSt
005 20220918201823.0
006 a|||||r|||| 00| 0
007 ta
008 220917b |||||||| |||| 00| 0 eng d
024 _a96,718
037 _cTextual
040 _aARTS
_cARTS
_beng
041 _2eng
_aeng
082 _aV2:1:L1, K4
100 _aSrivastava Ashirbadilal
_9100857
245 0 _aHistory of India 1000 AD-1707 AD
260 _aJaipur
_bShiva Laal India
_c1964
650 _aHISTORY
942 _hV2:1:L1, K4
_cTEXL
_2CC
999 _c220319
_d220319